| 000 | 00877nam a22001937a 4500 | ||
|---|---|---|---|
| 005 | 20250114151416.0 | ||
| 010 | _aHIN-129248 | ||
| 020 |
_a9789355430366 _c499.00 |
||
| 035 | _aHN-101595 | ||
| 037 | _bDBAD | ||
| 082 | _a781.264 | ||
| 100 |
_aमुखर्जी,कुमार प्रसाद _976553 |
||
| 245 |
_aहिन्दुस्तानी संगीत / _cकुमार प्रसाद मुखर्जी _bशमशेर सिंह |
||
| 260 |
_aउत्तर प्रदेश _bमंजुल पब्लिशिंग हाउस _c2022 |
||
| 270 |
_aसी-16, सेक्टर 3 , नोएडा _bउतर प्रदेश _e201301 |
||
| 300 |
_a236 पृ. _c20सेमी(अजिल्द) |
||
| 700 |
_aशमशेर सिंह _976554 |
||
| 942 |
_2ddc _cHN _h230.2 _mमुखर्जी |
||
| 999 |
_c208480 _d208480 |
||